| 000 | 01253nmc a2200421 a 4500 | ||
|---|---|---|---|
| 003 | AR-BaBNM | ||
| 005 | 20251128204917.0 | ||
| 008 | 166019s1993 ||||||||||||||000 | spa|| | ||
| 020 | _a968-16-4123-X | ||
| 040 | _cAR-BaBNM | ||
| 100 | 1 | _aDaly, Herman E. | |
| 245 | 1 | 0 |
_aPara el bien común _breorientando la economía hacia la comunidad, el ambiente y un futuro sostenible |
| 250 | _a1ª ed. | ||
| 260 |
_aMéxico, D.F. _bFondo de Cultura Económica _c1993 |
||
| 300 | 0 |
_a466 p. _btablas |
|
| 490 | 0 | _aObras de economía contemporánea | |
| 500 | 0 | _aIndice analítico: p. 449-460 | |
| 500 | 0 | _aReferencias bibliográficas: p. 437-448 | |
| 650 | 4 | _aECONOMIA | |
| 650 | 4 | _aPOLITICA ECONOMICA | |
| 650 | 4 | _aPOLITICA DE INGRESOS | |
| 650 | 4 | _aPRODUCTO NACIONAL BRUTO | |
| 650 | 4 | _aBIOSFERA | |
| 650 | 4 | _aMEDIO AMBIENTE NATURAL | |
| 650 | 4 | _aECOLOGIA | |
| 650 | 4 | _aSOCIOLOGIA ECONOMICA | |
| 650 | 4 | _aECONOMIA AGRARIA | |
| 650 | 4 | _aECONOMETRIA | |
| 650 | 4 | _aTRABAJO Y EMPLEO | |
| 650 | 4 | _aPOBLACION | |
| 651 | 4 | _aEstados Unidos | |
| 653 | _aDESARROLLO SUSTENTABLE | ||
| 700 | 1 | _aCobb, John B. | |
| 700 | 1 |
_aCobb, Clifford W. _ecolaborador |
|
| 700 | 1 |
_aSuárez, Eduardo L. _etraductor |
|
| 942 | _cBK | ||
| 998 | _cEnrique | ||
| 999 |
_c9298 _d9298 |
||